00293nam a2200121 450000500170000010000370001724500150005426400150006930000170008433600220010133700240012333800240014720260530115309.01 aFrancisco javier López Morales10aHereditas  1bINAHc2011 a80 páginas atexto2rdacontent asin medio2rdamedia avolumen2rdacarrier